La Roue du Temps (série) - Statistiques

Statistiques générales
  • Ce quiz a été pris 42 fois
  • Le résultat moyen est 17 sur 45
Statistiques - réponses
Hint Personnages % Correct
2 Rand
96%
9 Lan
93%
3 Egwene
89%
7 Perrin
89%
6 Mat
86%
1 Moiraine
79%
4 Nynaeve
71%
18 Ishamael
57%
10 Alanna
50%
33 Aviendha
50%
5 Elayne
50%
8 Liandrin
50%
14 Loial
50%
12 Selene / Lanfear
50%
20 Min
46%
17 Suian Sanche
46%
24 Tam
46%
16 Verin
46%
19 Thom
43%
28 Leane
36%
15 Logain
29%
21 Padan Fain
29%
32 Agelmar
25%
29 Maksim
25%
36 Sheriam
25%
40 Suroth
25%
44 Anvaere
21%
11 Kerene
21%
13 Stepin
21%
23 Uno
21%
41 Amalisa
18%
35 Ingtar
18%
30 Ivhon
18%
38 Tomas
18%
37 Adeleas
14%
43 Barthanes Damodred
14%
42 Bayle Domon
14%
39 Masema
14%
25 Aram
11%
27 Raen
11%
22 Valda
11%
31 Cenn Buie
7%
45 Geofram Bornhald
7%
26 Illa
7%
34 Dana
0%
Aucun quiz correspondant
Distribution des résultats
% des personnes avec chaque résultat
Percentile par nombre de réponses
Votre historique - résultats
Vous n’avez pas pris ce quiz